Zhorela polmiliónová stodola

Bibliographic Details
Main Author: (rbj) (Author)
Format: Article
Language:Slovak
Subjects:

MARC

LEADER 00000nab a2200000 a 4500
001 vtls001029309
003 SK-MaSNL
005 20260303040053.0
008 040720e20010825xo 0 slo
035 |a SL7863 
040 |a SLLK  |b slo  |c SLLK  |e AACR2 
041 0 |a slo 
044 |a xo  |c SK 
080 |a 614.84  |2 1981 
100 0 |a (rbj)  |4 aut  |9 1022399 
245 1 0 |a Zhorela polmiliónová stodola 
650 0 7 |a požiare  |2 SLLK  |9 1504 
650 0 7 |a hospodárske budovy  |2 SNKPH  |9 133415 
650 0 7 |a škody  |2 SLLK  |9 276699 
650 0 7 |a informácie  |2 SLLK  |9 1285 
651 7 |a Nižné Ružbachy (Slovensko)  |2 SLLK  |9 59193 
651 7 |a SL,  |2 SLLK  |9 1022390 
655 7 |a periodikum  |2 snkbucl  |9 29553 
773 0 8 |t Tatranský denník  |g Roč. 3, č.197, 25.8.2001, s. 1 
852 |a ZVYKNI  |b KIS3GCP 
999 |c 1680302  |d 1682232